Amina Banana : (Record no. 204011)
[ view plain ]
| 000 -LEADER | |
|---|---|
| fixed length control field | 01353nam a2200361 ia4500 |
| 003 - CONTROL NUMBER IDENTIFIER | |
| control field | OSt |
| 005 - DATE AND TIME OF LATEST TRANSACTION | |
| control field | 20260426123944.0 |
| 008 - FIXED-LENGTH DATA ELEMENTS--GENERAL INFORMATION | |
| fixed length control field | 260426t20252025nyua cr 000 1 eng d |
| 020 ## - INTERNATIONAL STANDARD BOOK NUMBER | |
| International Standard Book Number | 9780593699164 |
| Terms of availability | RM 36.95 |
| Qualifying information | paperback |
| 040 ## - CATALOGING SOURCE | |
| Original cataloging agency | PPAK |
| Language of cataloging | eng |
| Transcribing agency | PPAK |
| Description conventions | rda |
| 082 04 - DEWEY DECIMAL CLASSIFICATION NUMBER | |
| Edition number | 23 |
| Classification number | 813.6 |
| 090 00 - LOCALLY ASSIGNED LC-TYPE CALL NUMBER (OCLC); LOCAL CALL NUMBER (RLIN) | |
| Classification number (OCLC) (R) ; Classification number, CALL (RLIN) (NR) | 813.6 |
| Feature heading | SAF |
| Feature heading | K |
| 100 1# - MAIN ENTRY--PERSONAL NAME | |
| Personal name | Safadi, Shifa Saltagi, |
| Relator term | author. |
| 245 10 - TITLE STATEMENT | |
| Title | Amina Banana : |
| Remainder of title | AND THE FORMULA FOR WINNING / |
| Statement of responsibility, etc. | Shifa Saltagi Safadi ; ILLUSTRATED BY Aaliya Jaleel. |
| 264 #1 - PRODUCTION, PUBLICATION, DISTRIBUTION, MANUFACTURE, AND COPYRIGHT NOTICE | |
| Place of production, publication, distribution, manufacture | New York : |
| Name of producer, publisher, distributor, manufacturer | G.P. Putnam's Sons, |
| Date of production, publication, distribution, manufacture, or copyright notice | 2025 |
| Date of production, publication, distribution, manufacture, or copyright notice | ©2025 |
| 300 ## - PHYSICAL DESCRIPTION | |
| Extent | 112 pages : |
| Other physical details | illustrations ; |
| Dimensions | 20 cm |
| 336 ## - CONTENT TYPE | |
| Content type term | text |
| Source | rdacontent |
| 337 ## - MEDIA TYPE | |
| Media type term | unmediated |
| Source | rdamedia |
| 338 ## - CARRIER TYPE | |
| Carrier type term | volume |
| Source | rdacarrier |
| 490 1# - SERIES STATEMENT | |
| Series statement | Amina Banana ; |
| Volume/sequential designation | 2 |
| 520 ## - SUMMARY, ETC. | |
| Summary, etc. | Even though English is an additional language for her, Amina is determined to win the school's spelling bee |
| 586 ## - AWARDS NOTE | |
| Awards note | Winner National Book Award |
| 600 10 - SUBJECT ADDED ENTRY--PERSONAL NAME | |
| Personal name | Banana, Amina |
| Titles and other words associated with a name | (Fictitious character) |
| Form subdivision | Juvenile fiction |
| 650 10 - SUBJECT ADDED ENTRY--TOPICAL TERM | |
| Topical term or geographic name entry element | Spelling bees |
| Form subdivision | Juvenile fiction |
| Topical term or geographic name entry element | Immigrants |
| Form subdivision | Juvenile fiction |
| Topical term or geographic name entry element | Schools |
| Form subdivision | Juvenile fiction |
| Topical term or geographic name entry element | Muslims |
| Geographic subdivision | United States |
| Form subdivision | Juvenile fiction |
| 651 #0 - SUBJECT ADDED ENTRY--GEOGRAPHIC NAME | |
| Geographic name | Syrian Americans |
| Form subdivision | Juvenile fiction |
| 700 1# - ADDED ENTRY--PERSONAL NAME | |
| Personal name | Jaleel, Aaliya, |
| Relator term | illustrator. |
| 830 #0 - SERIES ADDED ENTRY--UNIFORM TITLE | |
| Uniform title | Amina banana ; |
| Volume/sequential designation | 2 |
| 942 ## - ADDED ENTRY ELEMENTS (KOHA) | |
| Source of classification or shelving scheme | Dewey Decimal Classification |
| Koha item type | Book |
No items available.